000 01106nam a2200265Ia 4500
003 OSt
005 20220923211440.0
006 a|||||r|||| 00| 0
007 ta
008 220922b |||||||| |||| 00| 0 hin d
020 _a9789350008232 (hbk)
_c200
024 _a274,345
037 _b97, 05/09/2013, Vani Prakashan
_cTextual
040 _aARTS
_cARTS
_bhin
041 _2hin
_ahin
082 _aO168,3N16x, 152Q2
100 _aक़ासमी, अहमद नदीम; आलम, ख़ुर्शीद, अनु.
_9160536
245 0 _aअहमद नदीम कासमी की गिनी चुनी कहानियां
246 _aAhamad nadīm kāsamī kī ginī chunī kahāniyāan
260 _aदिल्ली
_b वाणी प्रकाशन
_c2012
300 _a151पृ.
_ccm.
650 _aउर्दू साहित्य
942 _hO168,3N16x, 152Q2
_cTEXL
_2CC
999 _c299650
_d299650